000 00509nam a2200181Ia 4500
001 4152
005 20260306145734.0
008 260306t2022||||xx |||||||||||||| ||spa||
041 _aESP
082 _a306.98541
_bA68
100 _aArce Espinoza, Mario Rommel,
_eAUT
245 0 _aLa república de las letras en Arequipa :
_bel diálogo de los intelectuales entre los siglos XIX y XXI
260 _c2022
300 _a290 páginas :
_c21 cm.
650 _aGEN
654 _aCED
942 _cLIB
_dJUS
_fJUS
_2ddc
_n
999 _c4152
_d4152